01659nam a22001217a 4500008004100000100003500041245012200076260002800198300002900226520115100255650010301406773002801509250508b ||||| |||| 00| 0 eng d aThomas Malsom, and Panda, B.  aSociocultural integration of smaller tribal communities in a multi-ethnic society: The case of Hrangkhawls in Tripura aSociological Bulletin  a74(1), Jan, 2025: p.7-24 aWhile the process of integration allows diversity, forced assimilation encourages homogenisation as the inherent distinctiveness gets subsumed under the dominant cultural system. Despite various constitutional policies, provisions, developmental approaches and strategies adopted to protect, preserve and promote the culture and ethnic identity of the tribes in North-East India, there have been instances of forced assimilation. It is the larger group that strongly influences the numerically smaller tribal communities which subsequently leads to the process of ethnocide. Drawing insights from the literature on ethnocide, the article examines the cultural marginalisation, forced assimilation and cultural homogenising process that has taken place among the Hrangkhawls of Tripura. The article argues that the modern development approaches, heterogenous cultural blindness and forced assimilation have compelled the numerically smaller tribal communities like Hrangkhawls towards cultural marginalisation and ethnic identity distortion in the multi-ethnic state of Tripura. • https://journals.sagepub.com/doi/full/10.1177/00380229241306089  aCultural marginalization, Homogenisation, Forced assimilation, Ethnocide, Hrangkhawls of Tripura.  aSociological Bulletin